Detalles MARC
| 000 -LEADER |
| fixed length control field |
01043nam a2200277 a 4500 |
| 001 - CONTROL NUMBER |
| control field |
|
| 003 - CONTROL NUMBER IDENTIFIER |
| control field |
DO-SdBNP |
| 005 - DATE AND TIME OF LATEST TRANSACTION |
| control field |
20240910114934.0 |
| 008 - FIXED-LENGTH DATA ELEMENTS--GENERAL INFORMATION |
| fixed length control field |
100406s1998 dr ac 001 0 spa d |
| 040 ## - CATALOGING SOURCE |
| Original cataloging agency |
DO-SdBNP |
| Language of cataloging |
spa |
| Transcribing agency |
BPMSU |
| 082 ## - DEWEY DECIMAL CLASSIFICATION NUMBER |
| Classification number |
972.93053 |
| Item number |
E82s, 1998 |
| 100 1# - MAIN ENTRY--PERSONAL NAME |
| Personal name |
Estrella M. Luis Salvador, |
| Dates associated with a name |
1947- |
| 245 10 - TITLE STATEMENT |
| Title |
Salvador Estrella S. : |
| Remainder of title |
del complot a la gloria / |
| Statement of responsibility, etc. |
Luis Salvador Estrella M. |
| 260 ## - PUBLICATION, DISTRIBUTION, ETC. (IMPRINT) |
| Place of publication, distribution, etc. |
Santo Domingo : |
| Name of publisher, distributor, etc. |
Amigo del Hogar, |
| Date of publication, distribution, etc. |
1998. |
| 300 ## - PHYSICAL DESCRIPTION |
| Extent |
232 p. : |
| Other physical details |
il., retr. ; |
| Dimensions |
24 cm. |
| 500 ## - GENERAL NOTE |
| General note |
Incluye índice onomástico |
| 600 14 - SUBJECT ADDED ENTRY--PERSONAL NAME |
| Personal name |
Estrella M. Luis Salvador |
| Dates associated with a name |
1947- |
| General subdivision |
Relatos personales |
| 600 #4 - SUBJECT ADDED ENTRY--PERSONAL NAME |
| Personal name |
Trujillo Molina, Rafael Leónidas, |
| Dates associated with a name |
1891-1961 |
| 650 #4 - SUBJECT ADDED ENTRY--TOPICAL TERM |
| Topical term or geographic name as entry element |
Persecuciones políticas |
| Geographic subdivision |
República Dominicana |
| 650 #4 - SUBJECT ADDED ENTRY--TOPICAL TERM |
| Topical term or geographic name as entry element |
Homicidio político |
| 650 #4 - SUBJECT ADDED ENTRY--TOPICAL TERM |
| Topical term or geographic name as entry element |
Conspiraciones |
| Geographic subdivision |
República Dominicana |
| General subdivision |
Historia |
| 650 #4 - SUBJECT ADDED ENTRY--TOPICAL TERM |
| Topical term or geographic name as entry element |
Asesinato |
| Geographic subdivision |
República Dominicana |
| General subdivision |
Biografías |
| 651 #4 - SUBJECT ADDED ENTRY--GEOGRAPHIC NAME |
| Geographic name |
República Dominicana |
| General subdivision |
Historia |
| Chronological subdivision |
Era de Trujillo, 1930-1961 |
| 910 ## - USER-OPTION DATA (OCLC) |
| User-option data |
VMateo V. Control de calidad. BPMSU |
| 942 ## - ADDED ENTRY ELEMENTS (KOHA) |
| Source of classification or shelving scheme |
Dewey Decimal Classification |
| Koha item type |
Libros |